Greatest Basketball Players in History - Statistics

General Stats
  • This quiz has been taken 504 times
    485 since last reset
  • The average score is 20 of 50
Answer Stats
#/Rank Player % Correct
1 Michael Jordan
99%
3 LeBron James
97%
2 Kobe Bryant
90%
7 Kareem Abdul-Jabbar
84%
5 Larry Bird
81%
8 Shaquille O'Neal
80%
4 Magic Johnson
75%
6 Wilt Chamberlain
70%
9 Bill Russell
66%
11 Tim Duncan
66%
12 Jerry West
58%
19 Karl Malone
57%
28 Scottie Pippen
56%
16 Moses Malone
53%
23 John Stockton
50%
14 Hakeem Olajuwon
48%
40 Allen Iverson
47%
26 David Robinson
46%
49 Dwyane Wade
46%
21 Charles Barkley
45%
10 Oscar Robertson
43%
31 Kevin Garnett
42%
50 Steve Nash
41%
17 Julius Erving
40%
20 Isiah Thomas
39%
48 Dennis Rodman
38%
37 Patrick Ewing
38%
25 Bob Cousy
33%
42 Clyde Drexler
31%
29 Jason Kidd
29%
27 Keven McHale
28%
43 Dominique Wilkins
27%
13 Elgin Baylor
27%
39 Gary Payton
24%
15 Bob Pettit
22%
30 George Mikan
22%
18 John Havlicek
21%
45 George Gervin
20%
32 Willis Reed
17%
22 Rick Barry
15%
36 Walt Frazier
15%
33 Wes Unseld
15%
24 Elvin Hayes
14%
46 Bob McAdoo
13%
44 Dave Cowens
9%
47 Earl Monroe
8%
34 Nate Thurmond
7%
35 Dolph Schayes
6%
38 Jerry Lucas
5%
41 Billy Cunningham
4%
No matching quizzes found
Score Distribution
Percent of People with Each Score
Percentile by Number Answered
Your Score History
You have not taken this quiz since the last reset